[Event "Niederbayern-ch"]
[Site "Roehrnbach"]
[Date "2014.04.26"]
[Round "5"]
[White "Haas, Karl Heinz"]
[Black "Scholler, Franz"]
[Result "1/2-1/2"]
[WhiteElo "1564"]
[BlackElo "1477"]
[PlyCount "53"]
[EventDate "2014.04.24"]
[EventType "swiss"]
[EventRounds "7"]
[EventCountry "GER"]
[SourceTitle "EXT 2023"]
[Source "ChessBase"]
[SourceDate "2022.10.05"]
[SourceVersion "1"]
[SourceVersionDate "2022.10.05"]
[SourceQuality "1"]

1. f4 d5 2. Nf3 Nf6 3. e3 a6 4. b3 Bf5 5. Bb2 e6 6. Be2 Be7 7. 0-0 0-0 8. Ne5 h6 9. Ng4 Nxg4 10. Bxg4 Bxg4 11. Qxg4 Bf6 12. d4 Nc6 13. a3 Ne7 14. Nd2 Nf5 15. Rae1 c5 16. c3 Qb6 17. e4 dxe4 18. Nxe4 Be7 19. dxc5 Bxc5+ 20. Nxc5 Qxc5+ 21. Kh1 Ne3 22. Rxe3 Qxe3 23. c4 f6 24. Bc1 Qe4 25. Qg3 Kh7 26. Re1 Qc6 27. h4 1/2-1/2

[Event "Niederbayern-ch"]
[Site "Roehrnbach"]
[Date "2014.04.25"]
[Round "4"]
[White "Fuchs, Mirjana"]
[Black "Haas, Karl Heinz"]
[Result "1-0"]
[WhiteElo "1709"]
[BlackElo "1564"]
[PlyCount "35"]
[EventDate "2014.04.24"]
[EventType "swiss"]
[EventRounds "7"]
[EventCountry "GER"]
[SourceTitle "EXT 2023"]
[Source "ChessBase"]
[SourceDate "2022.10.05"]
[SourceVersion "1"]
[SourceVersionDate "2022.10.05"]
[SourceQuality "1"]

1. e4 e6 2. Qe2 Nc6 3. c3 d5 4. d3 dxe4 5. dxe4 Bd7 6. g3 a6 7. Bg2 Ne5 8. Nd2 Bb5 9. c4 Nd3+ 10. Kf1 Nxc1 11. Rxc1 Bc6 12. Ngf3 Qd7 13. Ne5 Qe7 14. Nxc6 bxc6 15. e5 Qc5 16. Nb3 Qb6 17. c5 Qb7 18. Na5 1-0